| 000 | 00741nam a2200217 a 4500 | ||
|---|---|---|---|
| 001 | 46495 | ||
| 003 | BD-RjUL | ||
| 005 | 20211209054147.0 | ||
| 008 | 180507s2016 bg a b 001 0 eng | ||
| 020 |
_a9789845190404 _c: Complimentary |
||
| 035 | _a(BD-RjUL)46613 | ||
| 040 |
_aBD-RjUL _cBD-RjUL _dBD-RjUL _beng |
||
| 041 | _aeng | ||
| 082 | 0 |
_aRA 330.954922021 _bGAZ 2016 _223 |
|
| 110 | 1 |
_aBangladesh Bureau of Statistics (BBS) _9221353 |
|
| 245 | 1 | 0 |
_aEconomic Census 2013, District Report: _bGazipur / _cBangladesh Bureau of Statistics (BBS) |
| 260 |
_aDhaka: _bBBS, _c2016 |
||
| 300 |
_axxviii, 541 p. : _bIll. ; _c28 cm. |
||
| 650 |
_aBangladesh _zGazipur _xEconomic conditions _y21st century _vStatistics _9221354 |
||
| 942 |
_2ddc _cRAR |
||
| 999 |
_c46495 _d46495 |
||